[Event "Brest op"]
[Site "Brest"]
[Date "2009.04.11"]
[Round "2"]
[White "Gassert, Edine"]
[Black "Serralta, Michel"]
[Result "0-1"]
[WhiteElo "1710"]
[BlackElo "2125"]
[PlyCount "102"]
[EventDate "2009.04.11"]
[EventType "swiss"]
[EventRounds "7"]
[EventCountry "FRA"]
[SourceTitle "EXT 2011"]
[Source "ChessBase"]
[SourceDate "2010.11.26"]
[SourceVersion "1"]
[SourceVersionDate "2010.11.26"]
[SourceQuality "1"]

1. e4 c5 2. Nf3 Nc6 3. d4 cxd4 4. Nxd4 Nf6 5. Nc3 d6 6. Bc4 Qb6 7. Nxc6 bxc6 8. Bb3 e6 9. Qe2 Be7 10. Be3 Qa5 11. 0-0-0 0-0 12. f4 Ba6 13. Qf3 d5 14. f5 dxe4 15. Nxe4 exf5 16. Ng5 h6 17. Nxf7 Rxf7 18. Qxc6 Raf8 19. Qe6 Kh8 20. Rd4 Bb4 21. Rxb4 Qxb4 22. Qxa6 Re7 23. Bd2 Qb7 24. Qxb7 Rxb7 25. Rf1 Ne4 26. Bd5 Nxd2 27. Kxd2 Rd8 28. Rxf5 Rb5 29. c4 Rxb2+ 30. Kc3 Rxa2 31. c5 Ra1 32. c6 g6 33. Re5 Kg7 34. Kb2 Ra5 35. c7 Rc8 36. Re7+ Kf6 37. Re6+ Kf5 38. g4+ Kf4 39. Re4+ Kg5 40. Re5+ Kh4 41. g5 hxg5 42. Re4+ Kh5 43. Rd4 Rxc7 44. Bf3+ Kh6 45. Rb4 Rf5 46. Rb3 Rcf7 47. Bg4 Rf2+ 48. Ka3 Rxh2 49. Rg3 a5 50. Bf3 Rxf3+ 51. Rxf3 g4 0-1